| 000 | 00708 a2200193 4500 | ||
|---|---|---|---|
| 003 | NUST | ||
| 005 | 20221226135551.0 | ||
| 010 | _a56004755 | ||
| 040 | _cNust | ||
| 082 | _a355.02,SLI | ||
| 100 |
_aSlim William , Sir _9105965 |
||
| 245 |
_aDefeat into victory / _cField-Marshal Sir William Slim |
||
| 260 |
_aCassell _bLondon _c1956 |
||
| 300 |
_a576 p .; _billus _c22 cm |
||
| 505 | _aBook .1: Defeat (Page-3), Book.2: Forging the Weapon (Page-125), Book.3: The Weapon is Tested (Page-199), Book.4: The Tide Turns (Page-285), The Decisive Battle (Page-373), Book Vi Victory (Page-479). | ||
| 600 |
_aSlim William , Sir _9105965 |
||
| 650 |
_aDefeat into victory _9105966 |
||
| 942 |
_2ddc _cBK _k355.02,SLI |
||
| 999 |
_c185720 _d185720 |
||